|
|
|
|
| LEADER |
01442nam a22003257a 4500 |
| 001 |
43867 |
| 003 |
BD-DhAAL |
| 008 |
241224t2023 enka 000 0 eng d |
| 020 |
|
|
|a 9780750333412
|
| 020 |
|
|
|a 9780750333436
|
| 040 |
|
|
|a BD-DhAAL
|c BD-DhAAL
|
| 082 |
|
|
|a 530.1201514
|2 23
|
| 100 |
|
|
|a Skrzypczyk, Paul,
|e author.
|9 56907
|
| 245 |
|
|
|a Semidefinite programming in quantum information science /
|c Paul Skrzypczyk, Daniel Cavalcanti.
|
| 260 |
|
|
|a Bristol :
|b Institute of Physics Publishing,
|c 2023.
|
| 300 |
|
|
|a various pagings :
|b illustrations ;
|c 26 cm
|
| 490 |
|
|
|a IOP series in quantum technology
|
| 526 |
|
|
|a CSE
|x Sowmitra Das,
Lecturer
Course name : Quantum Computing II (CSE 482)
|
| 541 |
|
|
|a Karim International
|e 43867
|
| 650 |
|
|
|a Quantum theory
|x Data processing.
|9 57335
|
| 650 |
|
|
|a Quantum theory
|x Mathematics.
|9 39415
|
| 650 |
|
|
|a Semidefinite programming.
|9 57336
|
| 650 |
|
|
|a Quantum computers.
|
| 650 |
|
|
|a Computer algorithms.
|
| 700 |
|
|
|a Cavalcanti, Daniel,
|e author.
|9 57337
|
| 830 |
|
|
|a IOP series in quantum technology
|9 57338
|
| 852 |
|
|
|a Ayesha Abed Library
|c General Stacks
|
| 942 |
|
|
|c BK
|2 ddc
|
| 999 |
|
|
|c 46984
|d 46984
|
| 952 |
|
|
|0 0
|1 0
|2 ddc
|4 0
|6 530_120151400000000_SKR
|7 0
|9 77106
|a BRACUL
|b BRACUL
|c GEN
|d 2024-12-24
|e Karim International
|g 15940.00
|l 0
|o 530.1201514 SKR
|p 3010043867
|r 2024-12-24
|t 1
|v 15940.00
|w 2024-12-24
|y BK
|x Requisitioned by Sowmitra Das for the course named- Quantum Computing II (CSE 482)".
|